Využitie 2-furaldehydu k príprave živíc

Bibliographic Details
Main Authors: Krach, Hermina (Author), Gos, Barbara (Author)
Format: Article
Language:Slovak
PhysicalDescription:Obr. 4. Tb. 7.
Subjects:

MARC

LEADER 00000nab a2200000 a 4500
001 vtls000311511
003 SK-MaSNL
005 20260302215700.0
008 140328c1977 xo 0 slo
015 |a SNBRB19rr/mm-uuuuu 
035 |a CL0001603 
040 |a SNKBUCL  |b slo  |c SNKBUCL  |e AACR2 
041 0 |a slo 
044 |a xo  |c SK 
080 |a 668  |2 1981 
080 |a 674  |2 1981 
100 1 |a Krach, Hermina  |4 aut  |9 944527 
245 1 0 |a Využitie 2-furaldehydu k príprave živíc  |c Hermina Krach, Barbara Gos 
300 |b Obr. 4. Tb. 7. 
650 0 7 |a drevo  |2 snkbucl  |9 3560 
650 0 7 |a lepidlá  |2 snkbucl  |9 3612 
650 0 7 |a živice  |2 snkbucl  |9 76085 
655 7 |a články z novín a časopisov  |2 snkbucl  |9 267496 
700 1 |a Gos, Barbara  |4 aut  |9 786529 
773 0 |t Drevo  |g Roč. 32, č. 12 (1977), s. 360-362 
850 |a Slovenská národná knižnica v Martine  |a MTA001 
852 |a SNK  |b KIS3GCP 
958 |a RK 
992 |a RBX 
999 |c 1503513  |d 1505443